00546nam a2200193Ia 450000500170000000800410001702000150005808200220007310000160009524500320011126000380014330000150018165000120019665000130020865000120022194200060023395200980023999900150033720250127024012.0240331s9999 xx 000 0 und d a041508802X bCHA22847a304.68 aChambers, I 0aMigrancy, Culture, Identity aLondonaNew YorkbRoutledgec1994 ax, 154 p., aCulture aMigrancy aHistory cL 001040708LaWERCLbWERCLcSSCd2024-03-31l0o 304.68 CHAp2847r2024-03-31w2024-03-31yL c1424d1424